<?xml version="1.0" encoding="UTF-8"?>
<marc:record xmlns:marc="http://www.loc.gov/MARC21/slim">
   <marc:leader>00000nam a2200000 a 4500</marc:leader>
   <marc:datafield ind1="1" ind2=" " tag="100">
      <marc:subfield code="a">Indridason, Arnaldur</marc:subfield>
      <marc:subfield code="4">aut</marc:subfield>
      <marc:subfield code="e">Verfasser/-in</marc:subfield>
   </marc:datafield>
   <marc:datafield ind1=" " ind2=" " tag="653">
      <marc:subfield code="a">Krimi</marc:subfield>
   </marc:datafield>
   <marc:datafield ind1=" " ind2=" " tag="653">
      <marc:subfield code="a">Kriminalroman</marc:subfield>
   </marc:datafield>
   <marc:datafield ind1=" " ind2=" " tag="653">
      <marc:subfield code="a">Island</marc:subfield>
   </marc:datafield>
   <marc:datafield ind1="0" ind2="0" tag="245">
      <marc:subfield code="a">Todesrosen</marc:subfield>
   </marc:datafield>
   <marc:datafield ind1="0" ind2="0" tag="245">
      <marc:subfield code="b">Islandkrimi; 2. Fall</marc:subfield>
   </marc:datafield>
   <marc:datafield ind1=" " ind2="1" tag="264">
      <marc:subfield code="b">Lübbe</marc:subfield>
      <marc:subfield code="c">2008</marc:subfield>
   </marc:datafield>
   <marc:datafield ind1="1" ind2=" " tag="520">
      <marc:subfield code="a">In einer hellen isländischen Sommernacht wird die nackte Leiche eines jungen Mädchens gefunden. Sie liegt auf dem mit Blumen geschmückten Grab des isländischen Freiheitskämpfers Jón Sigurdsson. Kommissar Erlendur und seine Kollegen Sigurður Óli und Elinborg von der Kripo Reykjavík finden schnell heraus, dass es sich bei der Toten um eine Drogenabhängige handelt. Warum aber wurde die Leiche gerade auf dieses Grab gelegt? Was sollte mit dieser Inszenierung erreicht werden? Die Ermittlungen erweisen sich als heikel, denn namhafte Persönlichkeiten gehören zum Kreis der Verdächtigen ... *amazon.de*</marc:subfield>
   </marc:datafield>
   <marc:datafield ind1=" " ind2=" " tag="020">
      <marc:subfield code="a">9783785716120</marc:subfield>
      <marc:subfield code="9">9783785716120</marc:subfield>
   </marc:datafield>
</marc:record>
